Statistics for Every Premier League Goalscorer 23/24 - Gameweek #6

Click here to take the quiz!

General Stats

  • This quiz has been taken 9 times
  • The average score is 17 of 30

Answer Stats

ClubvClubGoalscorer% Correct
BurnleyvManchester UnitedBruno Fernandes
75%
ArsenalvTottenhamCristian Romero
75%
LiverpoolvWest HamDiogo Jota
75%
LiverpoolvWest HamJarrod Bowen
75%
LiverpoolvWest HamMohamed Salah
75%
ArsenalvTottenhamSon Heung-min
75%
ArsenalvTottenhamSon Heung-min
75%
Sheffield UnitedvNewcastle UnitedAlexander Isak
63%
Sheffield UnitedvNewcastle UnitedBruno Guimaraes
63%
ArsenalvTottenhamBukayo Saka
63%
Sheffield UnitedvNewcastle UnitedCallum Wilson
63%
LiverpoolvWest HamDarwin Nunez
63%
Manchester CityvNottingham ForestErling Haaland
63%
Sheffield UnitedvNewcastle UnitedMiguel Almiron
63%
ChelseavAston VillaOllie Watkins
63%
Manchester CityvNottingham ForestPhil Foden
63%
Sheffield UnitedvNewcastle UnitedSean Longstaff
63%
Sheffield UnitedvNewcastle UnitedSven Botman
63%
BrentfordvEvertonAbdoulaye Doucoure
50%
Sheffield UnitedvNewcastle UnitedAnthony Gordon
50%
Sheffield UnitedvNewcastle UnitedDaniel Burn
50%
Brighton & Hove AlbionvBournemouthKaoru Mitoma
50%
Brighton & Hove AlbionvBournemouthKaoru Mitoma
50%
BrentfordvEvertonMathias Jensen
50%
Brighton & Hove AlbionvBournemouthMilos Kerkez
50%
Luton TownvWolvesCarlton Morris
38%
BrentfordvEvertonJames Tarkowski
38%
Luton TownvWolvesPedro Neto
38%
BrentfordvEvertonDominic Calvert-Lewin
25%
Brighton & Hove AlbionvBournemouthDominic Solanke
25%

Score Distribution

Percentile by Number Answered

Percent of People with Each Score

Your Score History

You have not taken this quiz